| 000 | 00429nam a2200109Ia 4500 | ||
|---|---|---|---|
| 008 | 160909s9999 xx 000 0 und d | ||
| 100 | _aBeecher, Bradley Klein | ||
| 245 | _aInternationalization Through the International Branch Campus: Identifying Opportunities and Risks | ||
| 260 |
_bThe George Washington University. _c2016 |
||
| 650 | _aMARKETING MANAGEMENT | ||
| 856 | _uhttp://pqdtopen.proquest.com/doc/1807962232.html?FMT=ABS | ||
| 999 |
_c304837 _d304837 |
||